[Event "Solingen op-A"]
[Site "Solingen"]
[Date "2005.05.29"]
[Round "7"]
[White "Nilsson, Lars Kjoller"]
[Black "Elmali, Anas"]
[Result "1-0"]
[WhiteElo "2046"]
[BlackElo "1647"]
[PlyCount "79"]
[EventDate "2005.05.26"]
[EventType "swiss"]
[EventRounds "7"]
[EventCountry "GER"]
[SourceTitle "EXT 2006"]
[Source "ChessBase"]
[SourceDate "2005.11.24"]
[SourceVersion "1"]
[SourceVersionDate "2005.11.24"]
[SourceQuality "1"]

1. e4 e6 2. d4 d5 3. e5 c5 4. c3 Nc6 5. Nf3 Qb6 6. a3 Bd7 7. Be2 Rc8 8. 0-0 cxd4 9. cxd4 f6 10. exf6 Nxf6 11. Nc3 Bd6 12. Na4 Qc7 13. Be3 0-0 14. Rc1 Ng4 15. h3 Nxe3 16. fxe3 Rce8 17. b4 a6 18. Nc5 Bc8 19. Qc2 Ne7 20. Qd3 Qd8 21. Bd1 Nf5 22. Bc2 g6 23. Qd2 Nh4 24. Ne5 Bxe5 25. dxe5 Qg5 26. Kh1 Qxe5 27. Nd3 Qd6 28. Rf4 Nf5 29. Nc5 e5 30. Rf3 b6 31. Na4 Bb7 32. Bb3 Kh8 33. e4 dxe4 34. Qxd6 Nxd6 35. Rxf8+ Rxf8 36. Nxb6 e3 37. Re1 Nf5 38. Kg1 Rd8 39. g4 Nd4 40. Rxe3 1-0

[Event "Solingen op-A"]
[Site "Solingen"]
[Date "2005.05.28"]
[Round "4"]
[White "Werthebach, Felix"]
[Black "Elmali, Anas"]
[Result "1-0"]
[WhiteElo "1943"]
[BlackElo "1647"]
[PlyCount "79"]
[EventDate "2005.05.26"]
[EventType "swiss"]
[EventRounds "7"]
[EventCountry "GER"]
[SourceTitle "EXT 2006"]
[Source "ChessBase"]
[SourceDate "2005.11.24"]
[SourceVersion "1"]
[SourceVersionDate "2005.11.24"]
[SourceQuality "1"]

1. Nf3 d5 2. g3 c6 3. Bg2 Bf5 4. d3 Nd7 5. Nbd2 Ngf6 6. 0-0 e6 7. c4 Bc5 8. a3 a5 9. b3 h6 10. Bb2 0-0 11. Ra2 Bh7 12. Qa1 Be7 13. Bc3 Nc5 14. Rb1 b5 15. Nd4 Qc7 16. cxb5 cxb5 17. Nxb5 Qb6 18. a4 Ng4 19. Rf1 Nxd3 20. exd3 Bxd3 21. Bd4 Bc5 22. Rc1 Rac8 23. Bxc5 Rxc5 24. Rxc5 Qxc5 25. Qd4 Qc1+ 26. Nf1 Bxf1 27. Bxf1 Nxh2 28. Kxh2 Qxf1 29. Rc2 Qb1 30. Qc3 Qd1 31. Kg2 Rd8 32. Rd2 Qb1 33. Qxa5 Rc8 34. Nc3 Qxb3 35. Ne2 Qb7 36. Qb5 Qa8 37. Rb2 Rd8 38. Nd4 Rc8 39. a5 e5 40. Nf3 1-0

[Event "Solingen op-A"]
[Site "Solingen"]
[Date "2005.05.26"]
[Round "1"]
[White "Elmali, Anas"]
[Black "Jansen, Dirk Norbert"]
[Result "0-1"]
[WhiteElo "1647"]
[BlackElo "2154"]
[PlyCount "60"]
[EventDate "2005.05.26"]
[EventType "swiss"]
[EventRounds "7"]
[EventCountry "GER"]
[SourceTitle "EXT 2006"]
[Source "ChessBase"]
[SourceDate "2005.11.24"]
[SourceVersion "1"]
[SourceVersionDate "2005.11.24"]
[SourceQuality "1"]

1. d4 f5 2. c4 Nf6 3. Nc3 d6 4. f3 Nc6 5. e4 e5 6. d5 Ne7 7. Nge2 f4 8. Bd2 g5 9. Nc1 Ng6 10. Nd3 Be7 11. Be2 Kf7 12. b4 Rg8 13. g3 Nh5 14. Rg1 fxg3 15. hxg3 g4 16. Nf2 Nxg3 17. Rxg3 Bh4 18. Rg1 g3 19. Nh1 Qf6 20. Be3 Nf4 21. Kd2 h5 22. Bd3 g2 23. Nf2 Bxf2 24. Bxf2 h4 25. Ne2 Nxd3 26. Bxh4 Qxh4 27. Kxd3 Qf2 28. Nc3 Rg3 29. Qe2 Rxf3+ 30. Kd2 Qd4+ 0-1